Statistics for Biggest World Cities (A-Z by Last Letter) Beginning with F

Click here to take the quiz!

General Stats

  • This quiz has been taken 88 times
  • The average score is 8 of 26

Answer Stats

CountryStartsPlaceEndsPopulation% Correct
GermanyFFrankfurtT650k
92%
MoroccoFFesS964k
90%
ItalyFFlorenceE349k
90%
BrazilFFortalezaA2.4m
84%
USA (TX)FFort WorthH833k
81%
USA (CA)FFresnoO520k
78%
PakistanFFaisalabadD2.5m
68%
ChinaFFuzhouU1.2m
52%
PortugalFFunchalL100k
45%
ChinaFFoshanN3.6m
26%
USA (WI)FFond du LacC55k
19%
USA (MD)FFrederickK69k
15%
USA (WA)FFederal WayY95k
11%
USA (MA)FFraminghamM68k
11%
FranceFFoixX47k
10%
USA (TN)FFairviewW6k
4%
KosovoFFerizajJ59k
4%
AustriaFFloridsdorfF162k
4%
BrazilFFelizZ13k
3%
GermanyFFinnentropP10k
3%
UkraineFFastivV51k
1%
IndiaFFatehpurR166k
1%
ChinaFFenghuangG370k
1%
AlbaniaFFiniqQ1k
1%
AlgeriaFFoum ToubB6k
1%
JapanFFukuishiI248k
1%

Score Distribution

Percentile by Number Answered

Percent of People with Each Score

Your Score History

You have not taken this quiz